Nur buat Gemini + Warna-warni si puteri (Record no. 125614)

MARC details
000 -LEADER
fixed length control field 00747nam a2200265 i 4500
001 - CONTROL NUMBER
control field C2-0325918
003 - CONTROL NUMBER IDENTIFIER
control field PPAK
005 - DATE AND TIME OF LATEST TRANSACTION
control field 20180728123901.0
008 - FIXED-LENGTH DATA ELEMENTS--GENERAL INFORMATION
fixed length control field 140310s2013 my a|||| ||||| | may d
020 ## - INTERNATIONAL STANDARD BOOK NUMBER
International Standard Book Number 9789674011666
040 ## - CATALOGING SOURCE
Original cataloging agency PPAK
Language of cataloging eng
Transcribing agency PPAK
Description conventions rda
082 04 - DEWEY DECIMAL CLASSIFICATION NUMBER
Classification number 899.233
Edition number 23
090 00 - LOCALLY ASSIGNED LC-TYPE CALL NUMBER (OCLC); LOCAL CALL NUMBER (RLIN)
Classification number (OCLC) (R) ; Classification number, CALL (RLIN) (NR) 899.233
Feature heading NOR
Feature heading G
100 0# - MAIN ENTRY--PERSONAL NAME
Personal name Norashikin Wahid,
Relator term author
245 10 - TITLE STATEMENT
Title Nur buat Gemini + Warna-warni si puteri
250 ## - EDITION STATEMENT
Edition statement Ed. 1+1.
264 #1 - PRODUCTION, PUBLICATION, DISTRIBUTION, MANUFACTURE, AND COPYRIGHT NOTICE
Place of production, publication, distribution, manufacture Batu Caves, Selangor :
Name of producer, publisher, distributor, manufacturer PTS One ,
Date of production, publication, distribution, manufacture, or copyright notice 2013
300 ## - PHYSICAL DESCRIPTION
Extent 444 pages :
Other physical details illustrations ;
Dimensions 18 cm
336 ## - CONTENT TYPE
Source rdacontent
Content type term text
337 ## - MEDIA TYPE
Source rdamedia
Media type term unmediated
338 ## - CARRIER TYPE
Source rdacarrier
Carrier type term volume
650 10 - SUBJECT ADDED ENTRY--TOPICAL TERM
Topical term or geographic name entry element Malay fiction.
700 0# - ADDED ENTRY--PERSONAL NAME
Personal name Rasmawati Abdul Muin,
Relator term editor
942 ## - ADDED ENTRY ELEMENTS (KOHA)
-- dc
Koha item type Book
Holdings
Withdrawn Not for loan Current library Shelving location Date acquired Total Checkouts Full call number Barcode Date last seen Date last checked out Koha item type Total Renewals
    Perpustakaan Alor Setar Pinjaman Dewasa 17/03/2014 2 899.233 NOR A01442627 01/01/2019 20/12/2018 Book  
    Perpustakaan Baling Pinjaman Dewasa 17/03/2014 3 899.233 NOR A01442631 13/07/2024 10/07/2024 Book 1
    Perpustakaan Bandar Baharu Pinjaman Dewasa 07/09/2014 1 899.233 NOR A01448769 16/01/2020 05/01/2020 Book  
    Perpustakaan Jitra Pinjaman Dewasa 17/03/2014 1 899.233 NOR A01442629 25/06/2019 26/05/2019 Book  
    Perpustakaan Kulim Pinjaman Dewasa 17/03/2014 2 899.233 NOR A01442630 29/03/2023 05/03/2023 Book  
    Perpustakaan Merbok Pinjaman Dewasa 17/03/2014 2 899.233 NOR A01442632 31/01/2026 24/12/2025 Book 1
    Perpustakaan Yan Pinjaman Dewasa 07/09/2014   899.233 NOR A01448770 09/05/2018   Book